| 000 | 00535nam a2200193Ia 4500 | ||
|---|---|---|---|
| 003 | OSt | ||
| 005 | 20230607081303.0 | ||
| 008 | 210423s2010 xx 000 0 und d | ||
| 040 | _cAL | ||
| 041 | _aeng | ||
| 082 |
_a362.29 _223 _bRAOM |
||
| 100 |
_aRAO (Anita) _9120750 |
||
| 245 | _aMedical management of substance dependence | ||
| 260 |
_aNew Delhi _bTata McGraw-hill _c2010 |
||
| 365 |
_b200 _cINR |
||
| 650 |
_aSocial Problems & Services _9120751 |
||
| 906 | _adependence ; management ; Medical ; substance | ||
| 942 |
_2ddc _cBK |
||
| 999 |
_c176011 _d176011 |
||